India and the OECD - Comparison of Economies

Analýza stavu ekonomiky Indie a ekonomík členských krajín OECD. Použitie klastrovej analýzy. Formulovanie opatrení v makroekonomickej oblasti s cieľom zabezpečiť a podporiť konvergenciu ekonomiky Indie s ekonomikami členských štátov OECD, ktoré vedú k tomu, aby sa India stala jedným z riadnych členo...

Ausführliche Beschreibung

Gespeichert in:
Bibliographische Detailangaben
1. Verfasser: Grešš, Martin, 1978-
Format: Buchkapitel
Sprache:Englisch
Schlagworte:
Tags: Tag hinzufügen
Keine Tags, Fügen Sie das erste Tag hinzu!

MARC

LEADER 00000naa$a2200000$$$4500
001 0269438
005 20240502074225.3
041 0 |a eng 
044 |a SK 
245 1 0 |a India and the OECD - Comparison of Economies  |c Martin Grešš 
520 |a Analýza stavu ekonomiky Indie a ekonomík členských krajín OECD. Použitie klastrovej analýzy. Formulovanie opatrení v makroekonomickej oblasti s cieľom zabezpečiť a podporiť konvergenciu ekonomiky Indie s ekonomikami členských štátov OECD, ktoré vedú k tomu, aby sa India stala jedným z riadnych členov organizácie. 
610 2 0 |a inflácia 
610 2 0 |a nezamestnanosť 
610 2 0 |a India 
610 2 0 |a produkt domáci hrubý 
100 1 |a Grešš, Martin, 1978-